| 000 | 00760nam a22002417a 4500 | ||
|---|---|---|---|
| 003 | DO-SdBNP | ||
| 005 | 20221102132015.0 | ||
| 008 | 160316b 1961 sp ||| 00| 0 spa d | ||
| 040 |
_aBPMSU _bspa _cBPMSU |
||
| 082 | 4 |
_a 813.4 _bB964p 1961 _222 |
|
| 100 | 1 |
_a Burnett, Frances Hodgson, _d$d1849-1924. |
|
| 245 | 1 | 0 |
_aPrincesita / _cFrances H. Burnett ; traducción Mary Duaygües ; ilustración P. Ramírez |
| 260 |
_aBarcelona : _bMolino, _c1961. |
||
| 300 |
_a156 p. : _bil., _c20 cm. |
||
| 490 | 1 |
_aObras juveniles _v33 |
|
| 590 | _6Inventariado, 2022/VM | ||
| 650 | _aNovela estadounidense. | ||
| 700 | 1 |
_aDuaygües, Mary, _etr. |
|
| 700 | 1 |
_aRamírez, P., _eil. |
|
| 830 | 0 |
_aObras juveniles _n33 |
|
| 910 | _aBTAVAREZ/ VMateo V./Validado | ||
| 942 |
_2ddc _cBK |
||
| 999 |
_c9272 _d9272 |
||